Hudobná kritika a hodnotenie

Bibliographic Details
Main Author: Hrčková, Naďa, 1939- (Author)
Format: Book
Language:Slovak
PhysicalDescription:256 strán, 14,5 AH 20 cm
Published: Bratislava Opus 1986
Edition:1. vydanie
Series:Sigma
Subjects:

MARC

LEADER 00000nam a2200000 a 4500
001 vtls001089555
003 SK-MaSNL
005 20260301062359.0
008 250414s1986 xo 0 slo
015 |a SNBA1986/11 
035 |a SNK000032395 
040 |a SNK  |b slo  |c SNK  |e AACR2 
041 0 |a slo 
044 |a xo  |c SK 
080 |a 78.072  |2 1981 
100 1 |a Hrčková, Naďa,  |d 1939-  |4 aut  |9 217634 
245 1 0 |a Hudobná kritika a hodnotenie  |c Naďa Hrčková ; obálka a grafická úprava Bedrich Schreiber 
250 |a 1. vydanie 
260 |a Bratislava  |b Opus  |c 1986  |e Nitra  |f Nitrianske tlačiarne 
300 |a 256 strán, 14,5 AH  |c 20 cm 
366 |e 1000 výtl. 
490 1 |a Sigma 
500 |a Lit. 150. Rozlož. tit. list. 150 zázn. v slov., češ., ruš., poľ. a nem. 
650 0 7 |a hudobná kritika  |2 SNKPH  |9 1754 
650 0 7 |a Musical criticism  |2 SNKPHeng  |9 57438 
650 0 7 |a dejiny hudby  |2 SNKPH  |9 3387 
650 0 7 |a Music history  |2 SNKPHeng  |9 265675 
650 0 7 |a monografie  |2 SNKPH  |9 256509 
650 0 7 |a Monographs  |2 SNKPHeng  |9 376671 
700 1 |a Schreiber, Bedrich,  |d 1926-1997  |4 bkd  |9 160288 
830 0 |a Sigma  |9 376672 
852 |a Slovenská národná knižnica 
954 |a hudba  |a kritika hudobná 
958 |a OND 
958 |a NB 
958 |a TL 
999 |c 620429  |d 622359 
952 |t P60, <04>, [BOOK], {604}  |a SNK  |b SNK  |y VYP  |7 0  |p 17A0101325  |o snkSD 58195 D1  |0 0  |1 0  |4 0  |d 1997-10-04  |l 0  |r 2004-12-31 00:00:00  |w 2026-02-23